Miasta z drużyną w Ekstraklasie/I lidze kiedykolwiek - Statystyki

Ogólne statystyki
  • Ten quiz został rozwiązany 2 560 razy
  • Średni wynik to 33 z 57
Statystyki odpowiedzi
Liczba drużyn Miasto (klub/kluby) % Poprawnych
4 Warszawa (Legia, Polonia, Gwardia, Warszawianka)
100%
7 Kraków (Wisła, Cracovia, Garbarnia, Hutnik, Wawel, Podgórze, Jutrzenka)
97%
3 Poznań (Lech, Warta, Olimpia)
97%
Gdańsk (Lechia)
96%
Gdynia (Arka, Bałtyk)
95%
Szczecin (Pogoń, Arkonia)
93%
Wrocław (Śląsk)
92%
Białystok (Jagiellonia)
91%
Łódź (ŁKS, Widzew, Union - Touring, ŁTS-G)
91%
Lublin (Motor)
89%
Katowice (GKS, 1.FC, Dąb)
87%
Lubin (Zagłębie)
85%
1 Zabrze (Górnik)
83%
Bydgoszcz (Zawisza, Polonia)
81%
Kielce (Korona)
80%
Rzeszów (Stal)
80%
2 Chorzów (Ruch, AKS)
79%
Toruń (TKS)
78%
Częstochowa (Raków)
77%
Gliwice (Piast)
76%
Nieciecza (Bruk Bet Termalica)
74%
Radom (Radomiak)
74%
Olsztyn (Stomil)
72%
Opole (Odra)
72%
Sosnowiec (Zagłębie)
70%
Płock (Wisła)
69%
Bytom (Polonia, Szombierki)
67%
Legnica (Miedź)
66%
Bielsko Biała (Podbeskidzie)
65%
Mielec (Stal)
62%
Lwów (Pogoń, Czarni, Lechia, Hasmonea)
58%
Nowy Sącz (Sandecja)
58%
Tychy (GKS, Sokół)
55%
Bełchatów (GKS)
53%
Łęczna (Górnik)
53%
Wronki (Amica)
52%
Grodzisk Wielkopolski (Dyskobolia)
48%
Tarnów (Tarnovia)
43%
Wałbrzych (Górnik, Zagłębie)
38%
Wodzisław Śląski (Odra)
36%
Rybnik (Górnik ROW)
35%
Wilno (Śmigły)
34%
Siedlce (WKS)
32%
Stalowa Wola (Stal)
31%
Tarnobrzeg (Siarka)
31%
Ostrowiec Świętokrzyski (KSZO)
29%
Jastrzębie Zdrój (GKS)
27%
Jaworzno (Szczakowianka)
27%
Polkowice (Górnik)
26%
Radomsko (RKS)
23%
Dębica (Igloopol)
22%
Radzionków (Ruch)
22%
Nowy Dwór Mazowiecki (Świt)
21%
Pniewy (Sokół)
16%
Racibórz (Unia)
11%
Świętochłowice (Śląsk)
11%
Radlin (Górnik)
10%
Nie znaleziono quizów pasujących do podanych kryteriów
Rozkład punktacji
Procent ludzi z każdym wynikiem
Percentyl według liczby udzielonych odpowiedzi
Twoja historia wyników
Nie rozwiązałeś tego quizu